| 000 | 03362nam a22003377a 4500 | ||
|---|---|---|---|
| 001 | TIC 0015 | ||
| 003 | gtcocun | ||
| 005 | 20250923180257.0 | ||
| 006 | a||||gr|||| 00| 0 | ||
| 007 | ta | ||
| 008 | 250923b2022 gt ||||| m||| 00| 0 eng d | ||
| 040 |
_agtcocun _bSPA _cgtcocun _eRDA |
||
| 041 | _aSPA TIC 0015 | ||
| 084 | _0TIC 0015 | ||
| 100 |
_aLuc Pop, Mynor Eduardo _eAutor |
||
| 245 |
_aDISEÑO Y PLANIFICACIÓN DE CENTRO DEPORTIVO MUNICIPAL, Y DE APERTURA DE CAMINO RURAL EN LA COMUNIDAD SAN SEBASTIÁN EL REFUGIO, SAN CRISTÓBAL VERAPAZ, ALTA VERAPAZ./ _cMynor Eduardo Luc Pop. _hImpreso |
||
| 264 |
_aCobán, Alta Verapaz: _bUniversidad de San Carlos de Guatemala, Centro Universitario del Norte, Ingeniería Civil _c2022 |
||
| 300 |
_a341 p.: _bIlustraciones, gráficas. _c28 cm; |
||
| 300 | _cPDF | ||
| 336 |
_2rdacontenido _aTexto _btxt |
||
| 337 |
_2rdamedio _aComputadora _bn |
||
| 338 |
_2rdasoporte _aCódigo en línea _bcr |
||
| 502 | _eTIC 0015 | ||
| 502 |
_aTesis de grado _bIngeniería Civil, _cUniversidad de San Carlos de Guatemala, Centro Universitario del Norte, Ingeniería Civil, _d2022 _oTIC 0015 |
||
| 520 | 1 | 4 | _aEl proceso de Ejercicio Profesional Supervisado es una actividad para la puesta en práctica del aprendizaje obtenido en la formación académica, este proceso es lo más cercano a la experiencia profesional. Las actividades realizadas incluyen investigación de las necesidades con las que cuenta el municipio de San Cristóbal Verapaz y las propuestas proyectadas desde el ámbito de la Ingeniería Civil, para darles una solución mediante infraestructura que cumpla con las normas técnicas aplicadas a la construcción en Guatemala. Los proyectos que se desarrollan y entregan a la municipalidad tienen como objetivo ser ejecutados y por consiguiente beneficiar a la población del municipio de San Cristóbal Verapaz en la formación deportiva de jóvenes y niños y en desarrollo económico con la planificación de la apertura de un camino rural. Uno de los diseños realizados es de un centro deportivo compuesto de un polideportivo de 1 700 m2 y un edificio de 2 050 m2 con un sistema estructural de marcos rígidos de concreto reforzado, con base en los requisitos y lineamientos establecidos para concreto estructural del American Concrete Institute (ACI) y Asociación Guatemalteca de Ingeniería Estructural (AGIES). Para el segundo proyecto se realizó la planificación y diseño de un camino rural, con base a las especificaciones para la construcción de caminos rurales en Guatemala. Las propuestas se plantearon con base en el aprendizaje adquirido en la Carrera de Ingeniería Civil, mediante la investigación de temas relacionados a los proyectos requeridos. Los resultados finales de los proyectos se presentan a través de planos, presupuestos, cronogramas de ejecución, una memoria de cálculo y especificaciones técnicas para fundamentar lo establecido en los planos. |
| 650 | 1 | 4 |
_2LEMB _aSan Cristóbal Verapaz, Alta Verapaz. _xIngeniería _xCivil _xInfraestructura _xProyectos _xPolideportivo _xCamino rural |
| 700 |
_aIng. Civil Byron Darío Ligorría Leal _eAsesor |
||
| 856 |
_uhttps://drive.google.com/file/d/12Ov7yH1ZZj9VIUZuP_iAz85slWZ_yfAZ/view _yPDF _zUn ejemplar en línea. |
||
| 942 |
_2ddc _cTES _iTIC 0015 _kClasificación _n0 _6TIC_0015_000000000000000 |
||
| 999 |
_c2095 _d2095 |
||